[Event "Kavala op-B 33rd"]
[Site "Kavala"]
[Date "2024.07.30"]
[Round "3"]
[White "Lithoxoos, Theodoros"]
[Black "Bartakke, Amardeep S"]
[Result "0-1"]
[WhiteElo "1825"]
[BlackElo "1940"]
[PlyCount "128"]
[EventDate "2024.07.29"]
[EventType "swiss"]
[EventRounds "9"]
[EventCountry "GRE"]
[SourceTitle "EXT 2025"]
[Source "ChessBase"]
[SourceDate "2024.10.14"]
[SourceVersion "1"]
[SourceVersionDate "2024.10.14"]
[SourceQuality "1"]

1. e4 c5 2. Nf3 d6 3. d4 cxd4 4. Nxd4 Nf6 5. Nc3 Nc6 6. Bc4 Qb6 7. Nb3 e6 8. 0-0 a6 9. Be2 Be7 10. a4 Na5 11. Be3 Qc7 12. Nxa5 Qxa5 13. Qd4 0-0 14. Rfd1 Bd7 15. Bf3 Rfc8 16. Qb6 Qxb6 17. Bxb6 Bc6 18. a5 g5 19. g3 g4 20. Bg2 Nd7 21. Bd4 Ne5 22. Na4 Bxa4 23. Rxa4 Rxc2 24. Rb4 Rb8 25. Ba7 Rbc8 26. Rxb7 Rc1 27. Rxc1 Rxc1+ 28. Bf1 Nf3+ 29. Kg2 Bg5 30. Rb3 Kg7 31. Rc3 Rb1 32. Be3 Bxe3 33. Rxe3 d5 34. exd5 exd5 35. h3 h5 36. hxg4 hxg4 37. Re7 d4 38. Re4 f5 39. Re7+ Kf6 40. Rd7 d3 41. Rxd3 Ne1+ 42. Kh2 Nxd3 43. Bxd3 Rxb2 44. Kg2 Ra2 45. Bxa6 Rxa5 46. Bd3 Ra2 47. Bc4 Rb2 48. Ba6 Ke5 49. Bc8 Ke4 50. Bd7 Ra2 51. Be6 Ra5 52. Bd7 Kd3 53. Be6 Rc5 54. Bd7 Ke2 55. Be6 Ke1 56. Kg1 Ra5 57. Bd7 Ke2 58. Be6 Kf3 59. Bc8 Ra1+ 60. Kh2 Rf1 61. Bxf5 Rxf2+ 62. Kg1 Kxg3 63. Bxg4 Ra2 64. Be2 Rxe2 0-1

[Event "Heraklion op 27th"]
[Site "Heraklion"]
[Date "2019.09.07"]
[Round "6"]
[White "Lithoxoos, Theodoros"]
[Black "Fasching, Markus"]
[Result "0-1"]
[WhiteElo "1685"]
[BlackElo "2029"]
[PlyCount "80"]
[EventDate "2019.09.03"]
[EventType "swiss"]
[EventRounds "9"]
[EventCountry "GRE"]
[SourceTitle "EXT 2020"]
[Source "ChessBase"]
[SourceDate "2019.10.17"]
[SourceVersion "1"]
[SourceVersionDate "2019.10.17"]
[SourceQuality "1"]

1. Nf3 d5 2. g3 Nf6 3. Bg2 e6 4. d3 c5 5. Nbd2 Nc6 6. 0-0 Be7 7. e4 0-0 8. b3 Qc7 9. Bb2 Rd8 10. Re1 d4 11. e5 Nd5 12. Ne4 Nxe5 13. Nxe5 Qxe5 14. Nxc5 Qc7 15. Ne4 Nb4 16. a3 Nc6 17. Qe2 e5 18. g4 Be6 19. Ng3 Bd5 20. Nf5 Bxg2 21. Kxg2 Bf8 22. Bc1 Re8 23. Bg5 f6 24. Bd2 Rac8 25. Rec1 Qd7 26. f3 Nd8 27. Qe4 Ne6 28. a4 Rc6 29. Ra2 Qf7 30. Kf1 g6 31. Ng3 Nc7 32. Ke1 Nd5 33. Kd1 Bh6 34. c4 Bxd2 35. Kxd2 Nc3 36. Rxc3 dxc3+ 37. Kxc3 Rd8 38. Rd2 a5 39. Nf1 Qf8 40. Ne3 Rd4 0-1

[Event "Heraklion op 27th"]
[Site "Heraklion"]
[Date "2019.09.05"]
[Round "4"]
[White "Lithoxoos, Theodoros"]
[Black "Ivanov, Mike"]
[Result "0-1"]
[WhiteElo "1685"]
[BlackElo "2177"]
[PlyCount "50"]
[EventDate "2019.09.03"]
[EventType "swiss"]
[EventRounds "9"]
[EventCountry "GRE"]
[SourceTitle "EXT 2020"]
[Source "ChessBase"]
[SourceDate "2019.10.17"]
[SourceVersion "1"]
[SourceVersionDate "2019.10.17"]
[SourceQuality "1"]

1. Nf3 Nc6 2. g3 e5 3. e4 f5 4. d3 Nf6 5. Nbd2 Bc5 6. Bg2 d6 7. 0-0 0-0 8. c3 Kh8 9. b4 Bb6 10. exf5 Bxf5 11. Nc4 e4 12. dxe4 Nxe4 13. Nxb6 axb6 14. Nh4 Nxc3 15. Qh5 Bd3 16. Bb2 Qf6 17. Kh1 Nxb4 18. Rfc1 Nc2 19. Rxc2 Bxc2 20. Rc1 Ra5 21. Qxa5 bxa5 22. Rxc2 Qd4 23. Bf1 Rxf2 24. Bxc3 Rxf1+ 25. Kg2 Qe4+ 0-1